Kliknij powiaty województwa lubelskiego na mapie - Statystyki

Ogólne statystyki
  • Ten quiz został rozwiązany 2 303 razy
  • Średni wynik to 15 z 24
Odpowiedzi na mapie
Odpowiedzi zakodowano w zielono-czerwonej skali na mapie do tego quizu, zgodnie z poniższymi procentami.
 
Statystyki odpowiedzi
Odpowiedź % Poprawnych
lubelski
88%
Lublin
86%
chełmski
84%
bialski
79%
zamojski
79%
Biała Podlaska
76%
Chełm
76%
Zamość
74%
hrubieszowski
68%
włodawski
63%
świdnicki
62%
puławski
60%
krasnostawski
59%
lubartowski
59%
łukowski
57%
biłgorajski
55%
radzyński
55%
łęczyński
53%
parczewski
53%
rycki
53%
tomaszowski
51%
opolski
50%
janowski
46%
kraśnicki
44%
Nie znaleziono quizów pasujących do podanych kryteriów
Rozkład punktacji
Procent ludzi z każdym wynikiem
Percentyl według liczby udzielonych odpowiedzi
Twoja historia wyników
Nie rozwiązałeś tego quizu